00807nas a2200253 4500001001300000003000900013005001700022007000300039008003400042040005400076041000900130072000800139100001700147100001800164100001600182100002200198245010400220650001200324650002600336650001100362650000900373773012100382856005000503BR2015000488BR-BrBNA20231205124933.0ta230509b bl.|||p| |||| 00| 00por d aBR-BrBNAbporcBiblioteca Nacional de Agricultura a(Pt) aP331 aCruz, A.C.R.1 aLibardi, P.L.1 aRocha, G.C.1 aCarvalho, L.A. de1 aEvapotranspiração real de uma cultura de laranja em produção num latossolo vermelho-amarelo aLARANJA aEVAPOTRANSPIRAÇÃO aÁGUA aSOLO0 tRevista Brasileira de Ciência do Solo (Brazil)xISSN 0100-0683 g(Sep-Oct 2005), v. 29(5) p. 659-668wBR201500048840uhttp://www.scielo.br/pdf/rbcs/v29n5/27877.pdf